Southeast Asia on a shoestring / (Record no. 15257)
[ view plain ]
| 000 -LEADER | |
|---|---|
| fixed length control field | 01059cam a2200325 a 4500 |
| 001 - CONTROL NUMBER | |
| control field | 14898889 |
| 005 - DATE AND TIME OF LATEST TRANSACTION | |
| control field | 20170105102914.0 |
| 008 - FIXED-LENGTH DATA ELEMENTS--GENERAL INFORMATION | |
| fixed length control field | 070621s2006 at ab 000 0 eng d |
| 010 ## - LIBRARY OF CONGRESS CONTROL NUMBER | |
| LC control number | 2007405570 |
| 020 ## - INTERNATIONAL STANDARD BOOK NUMBER | |
| International Standard Book Number | 1741044448 |
| 040 ## - CATALOGING SOURCE | |
| Original cataloging agency | NCML |
| Transcribing agency | NCML |
| Modifying agency | ANL |
| -- | DLC |
| 042 ## - AUTHENTICATION CODE | |
| Authentication code | lccopycat |
| 043 ## - GEOGRAPHIC AREA CODE | |
| Geographic area code | as----- |
| 050 00 - LIBRARY OF CONGRESS CALL NUMBER | |
| Classification number | DS520.9 |
| Item number | .S687 2006 |
| 082 04 - DEWEY DECIMAL CLASSIFICATION NUMBER | |
| Classification number | 915.90453 |
| Edition number | 22 |
| 245 00 - TITLE STATEMENT | |
| Title | Southeast Asia on a shoestring / |
| Statement of responsibility, etc. | China Williams ... [et al]. |
| 246 30 - VARYING FORM OF TITLE | |
| Title proper/short title | South-East Asia on a shoestring |
| 246 30 - VARYING FORM OF TITLE | |
| Title proper/short title | South East Asia on a shoestring |
| 250 ## - EDITION STATEMENT | |
| Edition statement | 13th ed. |
| 260 ## - PUBLICATION, DISTRIBUTION, ETC. | |
| Place of publication, distribution, etc. | Hawthorn, Vic. : |
| Name of publisher, distributor, etc. | Lonely Planet, |
| Date of publication, distribution, etc. | 2006. |
| 300 ## - PHYSICAL DESCRIPTION | |
| Extent | 1004 p. : |
| Other physical details | ill., maps (some col.) ; |
| Dimensions | 20 cm. |
| 490 0# - SERIES STATEMENT | |
| Series statement | Lonely Planet |
| 500 ## - GENERAL NOTE | |
| General note | Includes index. |
| 500 ## - GENERAL NOTE | |
| General note | "Big trips on small budgets"--Cover. |
| 651 #0 - SUBJECT ADDED ENTRY--GEOGRAPHIC NAME | |
| Geographic name | Southeast Asia |
| Form subdivision | Guidebooks. |
| 700 1# - ADDED ENTRY--PERSONAL NAME | |
| Personal name | Williams, China. |
| 906 ## - LOCAL DATA ELEMENT F, LDF (RLIN) | |
| a | 7 |
| b | cbc |
| c | copycat |
| d | 3 |
| e | ncip |
| f | 20 |
| g | y-gencatlg |
| 942 ## - ADDED ENTRY ELEMENTS (KOHA) | |
| Source of classification or shelving scheme | |
| Koha item type | Book |
| Withdrawn status | Lost status | Damaged status | Not for loan | Collection code | Permanent Location | Current Location | Shelving location | Date acquired | Total Checkouts | Full call number | Barcode | Date last seen | Price effective from | Koha item type |
|---|---|---|---|---|---|---|---|---|---|---|---|---|---|---|
| Centre for International Peace & Stability (CIPS) | Centre for International Peace & Stability (CIPS) | General Stacks | 10/02/2013 | 915.90453 SOU 2006 | CIPS0001818 | 11/25/2013 | 11/25/2013 | Book |
